[Event "EICC 2019"]
[Site "Skopia"]
[Date "2019.03.24"]
[Round "6.15"]
[White "Tomashevsky, Evgeny"]
[Black "Aleksandrov, Aleksej"]
[Result "1/2-1/2"]
[WhiteElo "2705"]
[BlackElo "2574"]
[Annotator "TA"]
[PlyCount "133"]
[EventDate "2019.03.18"]
[EventType "swiss"]
[EventCountry "MKD"]
[SourceTitle "playchess.com"]
[Source "ChessBase"]
[SourceQuality "1"]

{[%evp 21,133,0,20,0,0,2,13,18,16,16,20,15,21,14,29,21,47,31,39,29,20,33,26,20,26,24,29,23,20,13,10,16,18,0,23,23,21,20,23,19,18,24,82,77,75,67,88,99,158,95,99,85,85,67,95,52,52,54,54,54,56,46,53,51,52,60,52,52,54,8,28,8,8,8,28,28,33,28,28,30,30,0,30,0,31,8,8,8,8,8,8,8,8,8,8,8,8,8,8,8,8,8,8,8,8,8,8,8,8,0,8,8,8,9]} 1. c4 e6 2. Nc3 d5 3. d4 Bb4 4. a3 Bxc3+ 5. bxc3 c5 6. e3 Nf6 7. cxd5 exd5 8. Bd3 O-O 9. Ne2 b6 10. O-O Re8 11. Ra2 Ba6 12. Bxa6 {E49: Nimzo-Indian: Rubinstein: 5 Bd3 d5 6 a3 Bxc3+ 7 bxc3} Nxa6 13. Qd3 {[#]} Nc7 $146 ({Predecessor:} 13... Qc8 14. f3 Nc7 15. Ng3 Qa6 16. Qf5 Qc4 17. Raf2 Qxc3 18. dxc5 Qxc5 19. Bb2 Qe7 {0-1 (60) Pliester,L (2375)-Golod,V (2540) Groningen 1995}) 14. dxc5 bxc5 15. c4 Qe7 16. cxd5 Rad8 17. Rc2 Rxd5 18. Qc4 Qd7 19. Ng3 Nb5 20. Qa4 Nd6 21. Qxd7 Nxd7 22. Ne2 g5 23. f3 f5 24. h4 h6 $1 ({Don't go for} 24... gxh4 $2 25. Nf4 $18) 25. hxg5 hxg5 26. Nc3 Rd3 27. Na4 c4 28. Nb2 $36 {[%mdl 2112] [#] Double Attack. White has some pressure.} Rd5 29. Nxc4 Rc8 $1 {[%cal Rc8c4]} 30. Rd2 Rxd2 31. Nxd2 Ne5 (31... Rc3 $11 {remains equal.}) 32. Bb2 $16 Nd3 33. Bf6 Rc2 {White must now prevent ...Kf7.} 34. Nb3 Nc4 (34... Kf7 $142 35. Bxg5 Kg6) 35. Bxg5 (35. Nd4 $142 Ra2 36. Bxg5 (36. Nxf5 Kf7 $16)) 35... Kf7 36. Nd4 Ra2 37. Rd1 Ncb2 38. Rb1 Kg6 $1 {[%cal Rg6g5]} 39. Be7 Nc4 40. Rb3 Rd2 41. Ne2 Nxe3 42. Rxd3 $1 {[%mdl 64] [#] Remove Defender, Decoy} Rxd3 $14 {[%mdl 4096] Endgame KRN-KBN} 43. Nf4+ {[%mdl 64] Double Attack} Kf7 {...Rd1+ is the strong threat.} 44. Nxd3 Kxe7 {KN-KN} 45. Nb4 {Threatening Nc6+.} Nc4 46. Nc2 f4 47. Kf2 Kf6 48. Ke2 Nb2 49. Kd2 Kg5 $1 50. Kc3 Nd1+ 51. Kd2 Nb2 52. Kc3 Nd1+ 53. Kd4 {With the idea Nb4.} Kh4 $1 {The position is equal.} 54. Ke5 Kg3 55. Nd4 {White wants to play Ne6.} Nc3 56. Nf5+ Kxg2 57. Kxf4 Nb1 58. Ne3+ Kf2 59. Nc4 {aiming for Kg4.} Ke2 $1 60. Ke4 {Strongly threatening f4.} Nc3+ 61. Kd4 Nb5+ 62. Kc5 Nxa3 63. f4 ({Weaker is} 63. Nxa3 Kxf3 64. Nb5 a5 $18) 63... Kd3 $1 64. Nd6 ({Less strong is} 64. Nxa3 Ke4 $18) 64... Nc4 65. f5 Ne3 66. f6 Ng4 $1 67. f7 {Accuracy: White = 63%, Black = 73%.} 1/2-1/2

[Event "EICC 2019"]
[Site "Skopia"]
[Date "2019.03.24"]
[Round "6.16"]
[White "Saric, Ivan"]
[Black "Huzman, Alexander"]
[Result "0-1"]
[WhiteElo "2703"]
[BlackElo "2582"]
[Annotator "TA"]
[PlyCount "96"]
[EventDate "2019.03.18"]
[EventType "swiss"]
[EventCountry "MKD"]
[SourceTitle "playchess.com"]
[Source "ChessBase"]
[SourceQuality "1"]

{[%evp 16,96,27,12,23,20,20,20,31,21,25,17,37,35,66,37,37,25,35,35,35,35,35,35,35,35,35,0,43,8,47,0,0,-98,-18,-77,-66,-91,-99,-127,-135,-143,-135,-145,-137,-157,-49,-49,-49,-49,-49,-49,-49,-49,-20,-72,-76,-70,0,0,0,0,0,0,20,0,0,0,0,-162,-162,-29987,-29988,-29988,-29989,-29989,-29983,-29979,-29973,-29986,-29961,-29995,-29996]} 1. e4 e5 2. Nf3 Nf6 3. Nxe5 d6 4. Nf3 Nxe4 5. d4 d5 6. Bd3 Be7 7. O-O Bf5 {C42: Petroff Defence: 3 Nxe5 and unusual White 3rd moves} 8. Ne5 (8. Re1 O-O 9. Nbd2 Nd6 10. Nf1 c6 11. Bf4 Bxd3 12. Qxd3 Na6 13. Ne3 Nc7 14. Rad1 Ne6 15. Bxd6 Bxd6 16. g3 Re8 {½-½ (30) Anand,V (2773)-Vidit,S (2695) Wijk aan Zee 2019}) 8... Nd7 9. Nc3 {LiveBook: 3 Games} Nxc3 {The position is equal.} 10. bxc3 Bxd3 11. cxd3 O-O 12. Rb1 Nxe5 13. dxe5 Rb8 {[#]} 14. Be3 $146 ({Predecessor:} 14. d4) 14... b5 15. Bxa7 Ra8 16. Bd4 Qd7 17. Rb2 Ra3 18. Qb1 c6 19. f4 Qf5 20. h3 h5 21. Qd1 h4 22. Qd2 Rfa8 23. Re1 R8a4 24. Kh1 {[#]} (24. Qf2 $11) 24... c5 ({Better is} 24... b4 $1 $17 {White must now prevent ...c5.} 25. Qe3 Rxa2 26. Rxa2 Rxa2) 25. Bg1 (25. Be3 $11 {keeps the balance.}) 25... b4 $17 26. e6 bxc3 27. Rb8+ Kh7 28. Qd1 {Threatens to win with exf7.} c2 29. Qxc2 Rxa2 30. Qd1 Ra1 (30... fxe6 31. Re5 $14) (30... Rxf4 $17 31. Qb1 Rfa4) 31. Rb1 $1 $15 {[%cal Rb1a1]} Rxb1 32. Qxb1 {And now Qb7 would win.} fxe6 {Hoping for ...Rb4.} 33. Re5 $1 {[%cal Re5f5]} Rb4 34. Qc2 $1 Qxf4 35. d4+ {[#]} (35. Rxe6 $11 {remains equal.} Bf8 36. d4+ Kg8 37. dxc5) 35... Kg8 $1 $17 {Strongly threatening ...c4.} 36. Rxe6 Bf8 ({Reject} 36... Qf7 $6 37. Qe2 $14) (36... Qf1 $1 $15 37. dxc5 (37. Rxe7 Rb1 $17) 37... Rc4) 37. dxc5 $11 Rc4 38. Qd3 Rc1 39. Qxd5 {Threatening mate with Rf6+.} Kh8 40. Qh5+ Kg8 41. Qd5 {White wants to mate with Rf6+.} Kh7 42. Re5 $2 (42. Re8 $11 {and White is okay.}) 42... g6 $40 {[%mdl 128] ( -> ...Qf2). Black goes for the king.} 43. c6 $2 (43. Qb7+ $19 Kh6 44. Qf3 Qxe5 45. Qxf8+ Kg5 46. Qd8+ Kh5 47. c6) 43... Qf2 {[%csl Gc1][%cal Rf2g1] Black mates.} 44. Rh5+ gxh5 {[%csl Gc1][%cal Rf2g1]} 45. Qe4+ Kg7 {[%csl Gc1][%cal Rf2g1]} 46. Qe5+ Qf6 47. Qxh5 Bc5 48. Qg4+ Kh6 {Precision: White = 41%, Black = 59%.} 0-1

[Event "EICC 2019"]
[Site "Skopia"]
[Date "2019.03.24"]
[Round "6.17"]
[White "Korobov, Anton"]
[Black "Yuffa, Daniil"]
[Result "1-0"]
[WhiteElo "2686"]
[BlackElo "2582"]
[Annotator "TA"]
[PlyCount "89"]
[EventDate "2019.03.18"]
[EventType "swiss"]
[EventCountry "MKD"]
[SourceTitle "playchess.com"]
[Source "ChessBase"]
[SourceQuality "1"]

{[%evp 9,89,23,19,10,24,10,17,6,10,0,2,7,5,-6,0,0,0,-2,-11,-12,22,7,19,3,47,39,39,39,58,70,69,66,63,30,75,76,68,69,73,66,106,103,131,129,110,110,132,123,145,144,137,138,141,139,134,133,136,131,128,122,126,124,127,122,129,123,133,123,232,182,234,209,257,234,370,370,363,335,431,431,674,673]} 1. d4 d5 2. c4 c6 3. cxd5 cxd5 4. Bf4 Nc6 5. e3 Nf6 6. Bd3 {D10: Slav Defence: 3 cxd5 (without early Nf3) and 3 Nc3} Bg4 7. Ne2 (7. Qb3 {is interesting.} Na5 8. Qa4+ Bd7 9. Qd1 e6 10. Nc3) (7. Qb3 Qd7 8. Nd2 e6 9. Ngf3 Bb4 10. Ne5 Bxd2+ 11. Kxd2 Qe7 12. Qa3 Qxa3 13. bxa3 Nxe5 14. Bxe5 {½-½ (122) Nakamura,H (2777)-Vachier Lagrave,M (2779) chess.com INT 2018}) 7... e6 8. Qb3 {The position is equal.} Qd7 9. Nbc3 Be7 10. O-O O-O 11. Ng3 $146 ({Predecessor:} 11. Rfc1 Rfc8 12. h3 {½-½ (29) Marquez Abreu,C (2405)-De Carlos Arregui,I (2374) ICCF email 2016}) 11... Nh5 12. Nxh5 Bxh5 13. Bb5 Rfc8 14. Na4 b6 15. Rfc1 $36 {[%mdl 2048] Black is under pressure.} Qb7 16. Bf1 Bg6 {[#]} 17. Nc5 $1 {[%mdl 512]} Bxc5 $1 (17... bxc5 18. Qxb7) 18. Rxc5 Qd7 19. Rcc1 Qb7 20. h4 h6 21. Be2 a6 22. h5 Bf5 23. Qa3 a5 24. Bd6 Na7 25. Qa4 Rxc1+ 26. Rxc1 {And now Rc7 would win.} Rc8 27. Rc3 Bb1 28. f3 Rc6 29. Rxc6 Qxc6 30. Qxc6 Nxc6 $16 {[%mdl 4096] Endgame KBB-KBN} 31. Bb5 Nb4 32. Bc7 Nd3 33. b3 Nc1 34. a4 Nxb3 35. Bxb6 g6 36. g4 Kg7 37. Kf2 Bc2 38. Ke2 Kf6 {[#]} (38... f5 $16 39. hxg6 fxg4) 39. Bd8+ $1 $18 Kg7 40. Bc7 Kg8 41. Bd6 gxh5 (41... Kg7 $142 42. hxg6 fxg6) 42. gxh5 Kg7 43. Ba3 f6 44. Bb2 e5 (44... Kf7 $142 45. Bd3 Nxd4+ 46. Bxd4 Bxa4 47. Bg6+ Kg7) 45. Bd3 {Accuracy: White = 78%, Black = 45%.} 1-0

[Event "EICC 2019"]
[Site "Skopia"]
[Date "2019.03.24"]
[Round "6.18"]
[White "Wagner, Dennis"]
[Black "Nisipeanu, Liviu-Dieter"]
[Result "1/2-1/2"]
[WhiteElo "2580"]
[BlackElo "2670"]
[Annotator "TA"]
[PlyCount "34"]
[EventDate "2019.03.18"]
[EventType "swiss"]
[EventCountry "MKD"]
[SourceTitle "playchess.com"]
[Source "ChessBase"]
[SourceQuality "1"]

{[%evp 11,34,41,65,24,47,39,37,29,36,28,25,27,32,4,27,28,20,20,17,12,52,51,45,47,84]} 1. d4 Nf6 2. c4 e6 3. Nf3 Nc6 4. Nc3 Bb4 5. Qc2 d6 6. Bd2 Qe7 7. e3 {E33: Nimzo-Indian: Classical: 4...Nc6} a5 8. a3 Bxc3 $1 9. Bxc3 e5 10. d5 Nb8 11. Nd2 O-O 12. b3 c6 (12... b5 $5) 13. dxc6 Nxc6 14. Bd3 Be6 15. O-O d5 16. cxd5 Bxd5 17. Rfd1 Rac8 $146 ({Predecessor:} 17... Rad8) 1/2-1/2

[Event "EICC 2019"]
[Site "Skopia"]
[Date "2019.03.24"]
[Round "6.19"]
[White "Ponomariov, Ruslan"]
[Black "Maze, Sebastien"]
[Result "1/2-1/2"]
[WhiteElo "2667"]
[BlackElo "2578"]
[Annotator "TA"]
[PlyCount "47"]
[EventDate "2019.03.18"]
[EventType "swiss"]
[EventCountry "MKD"]
[SourceTitle "playchess.com"]
[Source "ChessBase"]
[SourceQuality "1"]

{[%evp 21,47,6,52,14,22,18,29,29,56,51,65,55,51,18,25,19,22,22,22,6,14,14,20,7,7,0,9,0]} 1. e4 c5 2. Nf3 Nc6 3. d4 cxd4 4. Nxd4 Nf6 5. Nc3 e5 6. Ndb5 d6 7. Bg5 a6 8. Na3 b5 9. Nd5 Be7 10. Bxf6 Bxf6 11. c4 bxc4 (11... b4 {seems wilder.} 12. Nc2 a5 13. g3 Bg5 14. Bg2 O-O) 12. Bxc4 {B33: Sicilian: Pelikan and Sveshnikov Variations} (12. Nxc4 $5 {[%cal Rd5b6]} O-O 13. Nxf6+ Qxf6 14. Qxd6 $11) 12... O-O 13. O-O Rb8 {[#]} 14. Qd3 $146 {White has an edge.} ({Predecessor:} 14. b3 Bg5 15. Qd3 Be6 16. Nc2 a5 17. Rad1 Rc8 18. a4 Kh8 19. Na3 Nd4 {1-0 (54) Akopian,V (2700)-Safarli,E (2496) Moscow 2008}) 14... a5 15. Nb5 Be6 16. Rfd1 Nd4 {Black wants to play ...Bxd5.} 17. Nxd4 exd4 18. Nxf6+ Qxf6 {The position is equal.} 19. b3 Bxc4 20. bxc4 Rb2 21. Qxd4 Rc8 22. f3 Qxd4+ 23. Rxd4 g6 24. a3 1/2-1/2

[Event "EICC 2019"]
[Site "Skopia"]
[Date "2019.03.24"]
[Round "6.20"]
[White "Rozum, Ivan"]
[Black "Dreev, Aleksey"]
[Result "1/2-1/2"]
[WhiteElo "2573"]
[BlackElo "2662"]
[Annotator "TA"]
[PlyCount "61"]
[EventDate "2019.03.18"]
[EventType "swiss"]
[EventCountry "MKD"]
[SourceTitle "playchess.com"]
[Source "ChessBase"]
[SourceQuality "1"]

{[%evp 9,61,0,4,-27,-6,-12,0,-14,19,20,14,14,21,14,4,2,35,30,27,18,18,7,12,8,31,0,16,5,15,19,25,-22,13,-64,-51,-58,-60,-37,-16,-15,-10,-13,0,0,0,-15,0,-45,6,-2,0,-26,0,4]} 1. e4 c5 2. Nf3 e6 3. c4 Nc6 4. Nc3 e5 5. d3 d6 6. h4 $146 {B40: Sicilian: 2...e6, Unusual lines} ({Predecessor:} 6. a3 Nge7 7. Be2 g6 8. b4 Bg7 9. bxc5 dxc5 10. Bd2 h6 11. Rb1 Rb8 12. Nd5 {1-0 (40) Smeets,J (2614)-Klein,D (2509) Amstelveen 2015}) 6... Bg4 7. Be2 Nf6 8. Nd5 Nxd5 9. cxd5 Bxf3 10. Bxf3 Nd4 11. g3 Be7 12. Bg2 h5 13. Be3 Qa5+ 14. Bd2 Qa6 15. Bc3 O-O-O 16. Bxd4 (16. b4 {with more complications.} Kb8 17. bxc5 dxc5 18. a4 Rc8 19. Bh3) 16... exd4 17. Qb3 Kb8 18. f4 Qa5+ 19. Ke2 Rde8 20. Rhe1 Bd8 21. Kf1 ({White should play} 21. Kf2 $11) 21... f6 22. Bh3 g5 $1 {[%cal Rg5h4] Strongly threatening ...gxh4.} 23. Ke2 $1 g4 24. Bg2 Rh7 25. Kf1 Rhe7 26. Re2 a6 27. a4 Ka7 28. Qa3 Bb6 (28... Qb4 $15) 29. Rc1 Bd8 30. Rb1 Bb6 31. Rc2 {Accuracy: White = 59%, Black = 32%.} 1/2-1/2

[Event "EICC 2019"]
[Site "Skopia"]
[Date "2019.03.24"]
[Round "6.21"]
[White "Melkumyan, Hrant"]
[Black "Djukic, Nikola"]
[Result "1/2-1/2"]
[WhiteElo "2661"]
[BlackElo "2572"]
[Annotator "TA"]
[PlyCount "100"]
[EventDate "2019.03.18"]
[EventType "swiss"]
[EventCountry "MKD"]
[SourceTitle "playchess.com"]
[Source "ChessBase"]
[SourceQuality "1"]

{[%evp 23,100,27,47,16,22,27,22,0,14,0,5,0,0,0,0,0,0,0,0,0,0,-39,-37,-42,-46,-51,-44,-124,-79,-75,-78,-66,-25,-58,-21,-88,-87,-96,-87,-85,-78,-102,-91,-68,-45,-57,-23,-13,-16,-25,-11,-39,-37,-31,-14,-8,-8,-14,-9,-11,-12,-6,-6,-23,-6,-12,0,0,0,0,0,0,8,8,8,8,8,8,8]} 1. d4 Nf6 2. c4 g6 3. Nc3 d5 4. cxd5 Nxd5 5. e4 Nxc3 6. bxc3 Bg7 7. Bc4 c5 8. Ne2 Nc6 9. Be3 O-O 10. O-O Bg4 11. f3 Bd7 12. Rb1 Qc7 13. Qd2 {D87: Exchange Grünfeld: Classical Line: Variations without ...cxd4} Rad8 14. Rfc1 Bc8 {[#]} 15. Bd5 $146 ({Predecessor:} 15. Qe1 Na5 16. Bd3 b6 17. d5 e6 18. c4 Nc6 19. Nc3 Nd4 20. Ne2 Nxe2+ 21. Qxe2 {½-½ (48) Postny,E (2612)-Harikrishna,P (2733) Porto Carras 2018}) 15... e6 16. Bxc6 Qxc6 17. Bh6 Bxh6 18. Qxh6 b6 19. Qe3 Ba6 20. Nf4 Bc4 21. e5 Rd7 22. Rb2 Rfd8 {[%cal Rc5d4]} 23. Rd2 Qa4 24. Rcd1 Qa3 $1 25. Nh3 ({White should play} 25. d5 $15) 25... cxd4 26. Qh6 {Hoping for Ng5.} Qc5 $36 {[%mdl 2048] Black is in control.} 27. Nf2 d3 28. Re1 Rd5 29. f4 (29. Qf4 $11) 29... Qf8 30. Qh4 {[#]} f5 $1 31. exf6 Rh5 32. f7+ Kxf7 33. Qg3 Kg7 34. f5 {Strongly threatening Qc7+.} Qd6 35. Qxd6 Rxd6 36. g4 {aiming for f6+!} Rh4 37. fxe6 Bxe6 38. Kg2 h5 ({And not} 38... Bxg4 39. Kg3 $16) 39. Kg3 g5 {[%cal Re6g4]} 40. Re5 Kh6 {[%cal Re6g4] [#] ...Bxg4 is the strong threat.} (40... Kf6 {is interesting.} 41. Rxg5 Kxg5 42. Ne4+ Kg6 43. Kxh4 Rd5) 41. Rxg5 $1 {[%mdl 512]} Rxg4+ (41... Kxg5 42. Ne4+) 42. Rxg4 hxg4 43. Nxg4+ $11 {[%mdl 4096] Endgame KRB-KRN} Kg7 44. Kf4 {The position is equal.} Rc6 {White must now prevent ...Rc4+.} 45. Rxd3 Rc4+ 46. Rd4 Rxc3 47. a4 Rc4 48. Rxc4 Bxc4 49. Ke5 Bb3 50. a5 bxa5 {Accuracy: White = 64%, Black = 60%.} 1/2-1/2

[Event "EICC 2019"]
[Site "Skopia"]
[Date "2019.03.24"]
[Round "6.22"]
[White "Fressinet, Laurent"]
[Black "Buhmann, Rainer"]
[Result "0-1"]
[WhiteElo "2652"]
[BlackElo "2568"]
[Annotator "TA"]
[PlyCount "44"]
[EventDate "2019.03.18"]
[EventType "swiss"]
[EventCountry "MKD"]
[SourceTitle "playchess.com"]
[Source "ChessBase"]
[SourceQuality "1"]

{[%evp 13,44,10,6,-74,-41,-100,-78,-150,-156,-167,-176,-172,-179,-165,-172,-252,-237,-737,-742,-760,-756,-850,-829,-827,-825,-842,-841,-839,-833,-824,-824,-810,-810]} 1. e4 e6 2. d4 d5 3. Nc3 Nf6 4. Bg5 Be7 5. e5 Nfd7 6. Bxe7 Qxe7 7. Qd2 O-O {LiveBook: 26 Games. C14: French: Classical System: 4 Bg5 Be7 main line} (7... a6 8. Nd1 c5 9. c3 Nc6 10. f4 f5 11. Nf3 O-O {½-½ (11) Kasimdzhanov,R (2672)-Morozevich,A (2731) Mainz 2006}) 8. Nb5 {[#]} (8. f4 $11) 8... a6 $1 $17 {[%cal Ra6b5]} 9. Na3 $146 (9. Nxc7 Ra7 $17) (9. Nc3 $15) ({Predecessor:} 9. Nc3 c5 10. f4 cxd4 11. Qxd4 Nc6 12. Qd2 f6 13. exf6 Nxf6 14. O-O-O d4 15. Nce2 {½-½ (41) Granz,B (1982)-Munk,P (1754) IECG email 2000}) 9... f6 {Black is better.} 10. exf6 (10. Nf3 $142) 10... Nxf6 {[%cal Bd7f6,Bf6e4,Be4f2,Bf2h1][%mdl 32] And now ...Ne4 would win.} ({But not} 10... Rxf6 11. f4 $11) ({Resist} 10... Qxf6 11. Nf3 $17) ({Reject} 10... gxf6 $6 11. Be2 $11) 11. Nf3 Ne4 12. Qe2 {[#]} e5 $1 $36 {[%mdl 2560] White is under strong pressure.} 13. dxe5 Nc6 14. Nc4 (14. O-O-O {was necessary.}) 14... Qb4+ $19 15. Nfd2 $2 (15. c3 Qxc4 16. Qxc4 dxc4 17. Bxc4+ Kh8 18. Bd5) 15... Nxf2 {White must now prevent ...Nd4.Black is clearly winning.} 16. c3 Qe7 17. Ne3 Nxh1 18. Nf3 Nxe5 19. O-O-O Nxf3 20. gxf3 Re8 21. Re1 Qh4 22. Qd2 c6 {Precision: White = 15%, Black = 97%.} 0-1

[Event "EICC 2019"]
[Site "Skopia"]
[Date "2019.03.24"]
[Round "6.23"]
[White "Meshkovs, Nikita"]
[Black "Alekseev, Evgeny"]
[Result "1/2-1/2"]
[WhiteElo "2568"]
[BlackElo "2640"]
[Annotator "TA"]
[PlyCount "59"]
[EventDate "2019.03.18"]
[EventType "swiss"]
[EventCountry "MKD"]
[SourceTitle "playchess.com"]
[Source "ChessBase"]
[SourceQuality "1"]

{[%evp 9,59,8,4,-14,-14,-20,17,17,11,16,12,11,11,11,27,10,49,34,24,16,33,33,33,35,21,16,16,16,16,5,22,0,0,0,0,0,0,0,0,0,0,0,0,-7,0,0,0,-7,0,-7,0,0]} 1. d4 Nf6 2. c4 e6 3. Nf3 d5 4. Bg5 Bb4+ 5. Nbd2 dxc4 6. a3 {D30: Queen's Gambit Declined: Systems without Nc3} (6. e4 Bxd2+ 7. Nxd2 Qxd4 8. Qc2 Nc6 9. Bxc4 h6 10. Be3 Qd6 11. Bb5 Bd7 12. O-O-O Nb4 13. Bxd7+ Nxd7 {½-½ (56) Mamedyarov,S (2817)-Harikrishna,P (2729) Kolkata 2018}) 6... Bxd2+ 7. Qxd2 a6 8. a4 Qd5 9. Bxf6 $1 gxf6 10. g3 Nc6 11. Bg2 Qa5 12. e3 $146 ({Predecessor:} 12. Rc1 b5 13. b3 Rb8 14. axb5 axb5 {1-0 (66) Zlatariu,M (2363)-Uifelean,A (2243) ICCF email 2011}) 12... O-O 13. O-O e5 14. Qc2 exd4 15. Nxd4 Nxd4 16. exd4 Qb4 17. a5 {The position is equal.} Bd7 18. Rfc1 Rfe8 19. Bd5 Be6 20. Qxc4 (20. Ra4 {is interesting.} Qd6 21. Bxe6 Rxe6 22. Qxc4 Rae8 23. Qb3) 20... Qxc4 21. Bxc4 c6 22. Bxe6 fxe6 $11 {[%mdl 4096] Endgame KRR-KRR} 23. Ra4 Rad8 24. Rb4 Re7 25. Rc5 Rd6 26. Rc3 Rd5 27. Rc5 Rd6 28. Rc3 Rd5 29. Rc5 Rd6 30. Rc3 {Accuracy: White = 77%, Black = 51%.} 1/2-1/2

[Event "EICC 2019"]
[Site "Skopia"]
[Date "2019.03.24"]
[Round "6.24"]
[White "Yilmaz, Mustafa"]
[Black "Martinovic, Sasa"]
[Result "1/2-1/2"]
[WhiteElo "2636"]
[BlackElo "2558"]
[Annotator "TA"]
[PlyCount "33"]
[EventDate "2019.03.18"]
[EventType "swiss"]
[EventCountry "MKD"]
[SourceTitle "playchess.com"]
[Source "ChessBase"]
[SourceQuality "1"]

{[%evp 18,33,28,25,18,25,12,0,4,0,0,-12,4,7,22,12,3,22]} 1. d4 d5 2. c4 c6 3. Nf3 Nf6 4. e3 e6 5. Nc3 Nbd7 6. Qc2 Be7 7. b3 O-O 8. Bd3 b6 9. O-O Bb7 10. Bb2 h6 {D46: Semi-Slav: 5 e3 Nbd7 6 Bd3, Black avoids the Meran} 11. Rad1 Qc7 12. Rfe1 {The position is equal.} (12. Qe2 Rad8 13. Rfe1 Rfe8 14. Bb1 Bf8 15. Ne5 dxc4 16. Nxd7 Rxd7 17. bxc4 c5 18. d5 exd5 19. Nxd5 Nxd5 20. cxd5 {0-1 (29) Gelfand,B (2703)-Ivanchuk,V (2710) Jerusalem 2018}) 12... Rad8 13. Bf1 Rfe8 14. g3 {[#]} Qb8 $146 ({Predecessor:} 14... c5 15. cxd5 Nxd5 16. Nxd5 Bxd5 {½-½ (24) Saravanan,V (2356)-Hoffmann,M (2509) Groningen 2009}) 15. Bg2 Qa8 16. Ne5 dxc4 17. Nxc4 1/2-1/2

[Event "EICC 2019"]
[Site "Skopia"]
[Date "2019.03.24"]
[Round "6.25"]
[White "Lomasov, Semyon"]
[Black "Hovhannisyan, Robert"]
[Result "1/2-1/2"]
[WhiteElo "2559"]
[BlackElo "2634"]
[Annotator "TA"]
[PlyCount "64"]
[EventDate "2019.03.18"]
[EventType "swiss"]
[EventCountry "MKD"]
[SourceTitle "playchess.com"]
[Source "ChessBase"]
[SourceQuality "1"]

{[%evp 14,64,6,0,6,10,13,6,0,-9,-6,-7,-11,-14,-4,-16,0,0,0,0,0,0,0,0,0,0,0,0,0,0,0,0,0,0,0,0,0,0,0,0,0,0,0,0,0,0,0,0,0,0,0,0,0]} 1. Nf3 d5 2. c4 e6 3. e3 Nf6 4. b3 c5 5. cxd5 exd5 6. Bb2 Nc6 7. Bb5 Bd6 8. O-O {The position is equal.} O-O {A13: English Opening: 1...e6} 9. d4 cxd4 10. Nxd4 Bc7 11. Ba3 $146 ({Predecessor:} 11. Bxc6 bxc6 12. Qc2 c5 13. Nf3 Bd6 14. Nbd2 Bg4 15. h3 Bh5 16. Nh4 {½-½ (32) Malakhov,V (2691)-Bluebaum,M (2633) Brest 2018}) 11... Nxd4 12. exd4 Bd6 13. Bd3 Bg4 14. f3 Bh5 15. Bxd6 Qxd6 16. Nc3 Rac8 17. Ne2 Bg6 18. Bxg6 hxg6 19. Qd2 Rc7 20. Rac1 Re7 21. Rfe1 Rfe8 22. Ng3 Rxe1+ 23. Rxe1 b6 24. Kf2 Rxe1 25. Qxe1 Qf4 26. Qc3 Kh7 27. Kg1 g5 28. Ne2 Qf5 29. h3 Nh5 30. a4 Nf4 31. Nxf4 gxf4 32. a5 bxa5 {Accuracy: White = 90%, Black = 95%.} 1/2-1/2

[Event "EICC 2019"]
[Site "Skopia"]
[Date "2019.03.24"]
[Round "6.26"]
[White "Fridman, Daniel"]
[Black "Kulaots, Kaido"]
[Result "1/2-1/2"]
[WhiteElo "2633"]
[BlackElo "2544"]
[Annotator "TA"]
[PlyCount "107"]
[EventDate "2019.03.18"]
[EventType "swiss"]
[EventCountry "MKD"]
[SourceTitle "playchess.com"]
[Source "ChessBase"]
[SourceQuality "1"]

{[%evp 20,107,11,11,11,6,6,11,11,6,6,2,6,2,19,23,23,20,20,12,10,16,10,21,15,14,39,45,39,31,33,27,32,16,66,56,72,43,46,62,58,74,58,50,51,51,60,10,33,15,49,42,33,33,39,33,42,24,24,23,31,26,39,36,30,18,34,18,23,0,0,0,0,0,0,-8,0,0,1,2,6,1,0,0,14,0,0,0,0,0]} 1. d4 Nf6 2. Nf3 g6 3. g3 Bg7 4. Bg2 O-O 5. O-O d5 6. c4 c6 7. Qb3 Qb6 8. Nc3 Rd8 9. Bd2 {D78: Fianchetto Grünfeld: 6 0-0 c6} dxc4 10. Qxc4 Be6 11. Qa4 {LiveBook: 6 Games} Bf5 12. Rfe1 Ne4 13. Nxe4 Bxe4 14. Ba5 Qa6 {[#] Threatens to win with ...b6.} 15. Qa3 Re8 16. Bf1 c5 {[#]} 17. Ng5 $146 ({Predecessor:} 17. dxc5 Bxb2 {½-½ (17) Ding,L (2813)-Nepomniachtchi,I (2763) Wijk aan Zee 2019}) 17... Nc6 18. Nxe4 {[#] And now Bc3 would win.} Qxa5 19. Qxa5 Nxa5 20. dxc5 Bxb2 21. Rab1 Be5 22. f4 $36 {[%mdl 2048] White has good play.} Bg7 23. Rb5 b6 24. e3 Rec8 25. Reb1 h6 26. g4 Kh7 27. h4 Rc7 28. Rd1 Nb7 {[%cal Rb7c5]} 29. Bg2 Rd8 30. Rxd8 Nxd8 31. cxb6 axb6 32. Rxb6 Ra7 33. Nc5 {White wants to play Rb8.} Rxa2 34. h5 Rd2 35. hxg6+ fxg6 36. Be4 Rd6 37. Rb8 {Strongly threatening f5.} Bf6 38. Kg2 Nf7 39. Kf3 Kg7 40. Ke2 Bc3 41. Rb7 Bf6 42. Rc7 Nd8 43. Kf3 g5 44. f5 Nf7 {The position is equal.} 45. Ne6+ Kg8 46. Rc8+ Kh7 47. Kg3 Ne5 48. Bc2 Rc6 49. Rxc6 Nxc6 50. Ba4 Ne5 51. Be8 Kg8 52. Bh5 Nd7 53. Kf3 Bb2 54. Be8 {Precision: White = 64%, Black = 72%.} 1/2-1/2

[Event "EICC 2019"]
[Site "Skopia"]
[Date "2019.03.24"]
[Round "6.27"]
[White "Arutinian, David"]
[Black "Movsesian, Sergei"]
[Result "1/2-1/2"]
[WhiteElo "2555"]
[BlackElo "2627"]
[Annotator "TA"]
[PlyCount "25"]
[EventDate "2019.03.18"]
[EventType "swiss"]
[EventCountry "MKD"]
[SourceTitle "playchess.com"]
[Source "ChessBase"]
[SourceQuality "1"]

{[%evp 9,25,4,25,23,22,11,19,11,27,0,6,8,7,7,8,6,25,8]} 1. Nf3 Nf6 2. c4 e6 3. e3 d5 4. b3 c5 5. Bb2 a6 (5... Nc6 6. cxd5 exd5 7. Be2 d4 8. exd4 cxd4 9. Bb5 Qe7+ 10. Qe2 Qxe2+ 11. Kxe2 Bd7 12. Re1 O-O-O 13. Kf1 a6 14. Bxc6 Bxc6 15. Nxd4 Be4 16. Nf3 Bxf3 17. gxf3 Bd6 18. Bxf6 {½-½ (18) Dubov,D (2703)-Aronian,L (2765) St Petersburg 2018}) 6. Nc3 {A13: English Opening: 1...e6} Nc6 7. cxd5 exd5 8. d4 {The position is equal.} Bg4 9. Be2 Bxf3 10. Bxf3 {dxc5 is the strong threat.} cxd4 11. exd4 Bb4 12. O-O O-O $146 13. Qd3 1/2-1/2